000
00332 a2200157 4500
001
171003
020
_a
040
_c
Magnum
100
_a
Oliveira, Teresinha Cauhi de
240
1
0
_a
Fuga do pantanal
_l
por
245
1
0
_a
Fuga do pantanal
362
0
_a
1899
440
1
_a
FTD
697
_a
IJ/SOCIEDADE COTIDIANO
942
_c
BK
999
_c
171003
_d
171003